1414 1149 1939 1655 1408 1423 1824 1341 1337 1491 1524 1259 1456 1744 1416 1046 1644 1086 1708 1859 1331 1037 1071 1933 1958 1580 1445 1898 1331 1702 1351 1578 1944 1578 1406 1768 1718 1892 1184 1197 1248 1623 1617 1596 1163 1696 1045 1509 1938 1642 1523 1081 1215 1030 1798 1542 1004 1741 1687 1569 1634 1364 1538 1669 1960 1820 1721 1724 1874 1336 1982 1718 1044 1607 1795 1581 1441 1108 1818 1454 1087 1261 1174 1745 1739 1718 1960 1707 1894 1735 1489 1116 1260 1909 1001 1856 1637 1898 1101 BCNSPRNW ULIB Ver.6.0+V

เปลี่ยนเป็นภาษาไทย

Change to English
 แสดงรายละเอียดบรรณานุกรม
  กลับหน้าหลัก

Brief Record : Get Marc (ISO 2709) : E-mail record : QR code < ปิดหน้าต่าง
LEADER : 00000nam 2200000uu 4500
001    13399111216
003     ULIB
008    110620s||||||||th 000 0 tha d
020    9742729875
050 04 BF637.58^bพ45พ 2548
100 0  พระเทพโสภณ (ประยูร ธมฺมจิตโต),^d2498-
245 10 พลังกรรมและการเกิดใหม่ /^cพระเทพโสภณ (ประยูร ธมฺมจิตโต)
250    พิมพ์ครั้งที่ 1
260    กรุงเทพฯ :^bอมรินทร์,^c2548
300    133 หน้า ;^c17 ซม
650  7 กรรม
650  7 การเกิดใหม่
650  7 ธรรมะ
650  7 พุทธศาสนากับสังคม
945    ^p100^l0^i017841
995    ทศพร
999 ^a ใช้งานได้ทุกระบบ
รายการนี้ยังไม่มีแท็ก
คุณยังไม่ได้ล็อกอิน คุณสามารถมีกิจกรรมร่วมกับเว็บไซต์ได้ แต่ต้องล็อกอินก่อน ::
  ล็อกอิน

รายการสื่อสารสนเทศ

ลำดับที่ ประเภท เลขเรียก/บาร์โค้ด สถานที่ สถานะ
- ไม่พบข้อมูล -

รายการใกล้เคียง
    หัวเรื่อง [กรรม]
    หัวเรื่อง [ธรรมะ]
    หัวเรื่อง [พุทธศาสนากับสังคม]

BibComment


ยังไม่เคยถูกคอมเมนท์

คอมเมนท์ทรัพยากรรายการนี้
  คอมเมนท์: พลังกรรมและการเกิ..


 Copyright 2026. Bcnsprnw @Library